El enemigo íntimo : pérdida y recuperación del yo bajo el colonialismo /
Este es un estudio que analiza el proceso de colonización psicológica de la India; el autor aborda el colonialismo como una lucha cultural entre las formas de conocimiento tradicionales autóctonas y el perfil universalista de la modernidad occidental, un fenómeno que va más allá de la dominación fís...
محفوظ في:
| المؤلف الرئيسي: | |
|---|---|
| مؤلفون آخرون: | |
| التنسيق: | كتاب |
| اللغة: | الإسبانية |
| منشور في: |
Madrid, España :
Trotta,
2021, c2021
|
| سلاسل: | (Estructuras y Procesos. Ciencias Sociales)
|
| الموضوعات: | |
| الوسوم: |
لا توجد وسوم, كن أول من يضع وسما على هذه التسجيلة!
|
MARC
| LEADER | 00000nam^a2200000^a^4500 | ||
|---|---|---|---|
| 001 | 000577701 | ||
| 005 | 20250521000000.0 | ||
| 009 | 20260310132454.053 | ||
| 020 | |a 978-84-9879-849-4 | ||
| 037 | |a Acervo ITESO - Biblioteca | ||
| 041 | |a ESP | ||
| 082 | |a 302. 170954 |b NAN | ||
| 100 | |a Nandy, Ashis |e (autor) | ||
| 245 | 1 | 3 | |a El enemigo íntimo : |b pérdida y recuperación del yo bajo el colonialismo / |c A. Nandy ; introd. y tr. por M. López Areu. |
| 264 | 4 | |a Madrid, España : |b Trotta, |c 2021, c2021 | |
| 300 | |a 212 p. | ||
| 336 | |a texto |b txt |2 rdacontenido | ||
| 337 | |a sin mediación |b n |2 rdamedio | ||
| 338 | |a volumen |b nc |2 rdasoporte | ||
| 440 | 1 | |a (Estructuras y Procesos. |p Ciencias Sociales) | |
| 500 | |a Traducción de: The Intimate Enemy. Loss and Recovey of Self Under Colonialism | ||
| 520 | |a Este es un estudio que analiza el proceso de colonización psicológica de la India; el autor aborda el colonialismo como una lucha cultural entre las formas de conocimiento tradicionales autóctonas y el perfil universalista de la modernidad occidental, un fenómeno que va más allá de la dominación física, ya que sobrevive en el tiempo, interiorizando sus valores en las formas de pensar y las visiones de la sociedad poscolonial. | ||
| 521 | |a FIL 2023 DIA | ||
| 649 | |a XX | ||
| 650 | |a Colonialismo - |z India - |x Aspectos Sociales y Culturales | ||
| 650 | |a Colonialismo - |z India - |x Tema Principal | ||
| 650 | |a Psicología del Yo | ||
| 650 | |a Aceptación Social | ||
| 650 | |a Adaptación Social | ||
| 650 | |a Comportamiento Social | ||
| 650 | |a Identidad Personal | ||
| 650 | |a Influencia Social | ||
| 650 | |a Psicología Social - |x Tema Principal | ||
| 650 | |a India - |x Condiciones Sociales y Culturales | ||
| 700 | |a López Areu, Mario |e (introducción) | ||
| 910 | |a Fondo General | ||
| 920 | |a Impresos - Libros | ||
| 930 | |a Colección General | ||
| 905 | |a 101 | ||
| 901 | |a 0500405764 |b IT1 |c ACC |i C184928 |u 20250521 | ||
| 902 | |a https://opac.biblio.iteso.mx/vufind/Record/000577701 | ||